[Event "Najdorf Tournament 01- B90a"]
[Site "SchemingMind.com"]
[Date "2015.05.04"]
[Round "-"]
[White "clare1347"]
[Black "daki"]
[Result "1-0"]
[WhiteCountry "ENG"]
[BlackCountry "SRB"]
[WhiteElo "2255"]
[WhiteRD "83"]
[BlackElo "1976"]
[BlackRD "101"]
[GameID "379449"]

1. e4 c5 2. Nf3 d6 3. d4 cxd4 4. Nxd4 Nf6 5. Nc3 a6 6. Bg5 e6 7. f4 Be7 8. Qf3 Qc7 9. O-O-O Nbd7 10. g4 h6
11. Bxf6 Bxf6 12. Be2 g5 13. f5 Ne5 14. Qh3 Bd7 15. Rhf1 Bg7 16. Qh5 O-O-O 17. h4 gxh4 18. f6 Bf8 19. Nf3 Ng6 20. Nxh4 Ne5
21. Nf3 Ng6 22. Bd3 Nf4 23. Qh2 Nxd3+ 24. Rxd3 Rg8 25. Qh5 Bc6 26. Kb1 Kb8 27. Nd4 Rg5 28. Nxc6+ bxc6 29. Qh3 d5 30. Na4 Ka8
31. Qe3 Rb8 32. Rb3 Rxb3 33. cxb3 Re5 34. Qb6 Bd6 35. Qxa6+ Kb8 36. Rc1 Qb7 37. Rxc6 Qxa6 38. Rxa6 Kb7 39. Rxd6 Kc7 40. Rb6 Rxe4
41. Rb7+
1-0

[Event "Najdorf Tournament 01- B90a"]
[Site "SchemingMind.com"]
[Date "2015.05.04"]
[Round "-"]
[White "Scooter"]
[Black "clare1347"]
[Result "0-1"]
[WhiteCountry "USA"]
[BlackCountry "ENG"]
[WhiteElo "1716"]
[WhiteRD "45"]
[BlackElo "2275"]
[BlackRD "80"]
[GameID "379452"]

1. e4 c5 2. Nf3 d6 3. d4 cxd4 4. Nxd4 Nf6 5. Nc3 a6 6. Be2 e5 7. Nb3 Be7 8. Bg5 Be6 9. O-O Nc6 10. f3 Rc8
11. Bxf6 Bxf6 12. Nd5 O-O 13. Nxf6+ gxf6 14. Nd2 Nd4 15. c3 Nxe2+ 16. Qxe2 b5 17. Rfd1 Qb6+ 18. Qf2 Qc5 19. Qxc5 dxc5 20. Nb3 b4
21. cxb4 cxb4 22. Nd2 Rfd8 23. b3 Kf8 24. Kf2 Ke7 25. Ke2 Rc2 26. Ke3 Rdc8 27. g4 Kf8 28. h4 R8c3+ 29. Kf2 Ke7 30. Ke1 Bd7
31. Nc4 Rh2 32. h5 Rxf3
0-1

[Event "Najdorf Tournament 01- B90a"]
[Site "SchemingMind.com"]
[Date "2015.05.04"]
[Round "-"]
[White "Scooter"]
[Black "daki"]
[Result "0-1"]
[WhiteCountry "USA"]
[BlackCountry "SRB"]
[WhiteElo "1726"]
[WhiteRD "46"]
[BlackElo "1972"]
[BlackRD "101"]
[GameID "379453"]

1. e4 c5 2. Nf3 d6 3. d4 cxd4 4. Nxd4 Nf6 5. Nc3 a6 6. Bg5 e6 7. Bd3 Be7 8. O-O Nbd7 9. Re1 O-O 10. Bxf6 Bxf6
11. Nce2 b5 12. c3 Bb7 13. Bc2 Rc8 14. f3 Qb6 15. Kf1 Ne5 16. b3 Nc6 17. Nxc6 Rxc6 18. Rc1 Rfc8 19. Nd4 Rxc3 20. Ne2 Bh4
21. g3 Rxf3+
0-1

[Event "Najdorf Tournament 01- B90a"]
[Site "SchemingMind.com"]
[Date "2015.05.06"]
[Round "-"]
[White "clare1347"]
[Black "Ramesh Panwar"]
[Result "1/2-1/2"]
[WhiteCountry "ENG"]
[BlackCountry "IND"]
[WhiteElo "2275"]
[WhiteRD "80"]
[BlackElo "2355"]
[BlackRD "54"]
[GameID "379493"]

1. e4 c5 2. Nf3 d6 3. d4 cxd4 4. Nxd4 Nf6 5. Nc3 a6 6. Bg5 e6 7. f4 Be7 8. Qf3 Bd7 9. O-O-O Qc7 10. Qg3 Nc6
11. Kb1 h6 12. Bh4 Nh5 13. Qg4 Nf6 14. Qxg7 Rg8 15. Qxh6 Rg6 16. Qh8+=
1/2-1/2

[Event "Najdorf Tournament 01- B90a"]
[Site "SchemingMind.com"]
[Date "2015.05.05"]
[Round "-"]
[White "Scooter"]
[Black "Ramesh Panwar"]
[Result "0-1"]
[WhiteCountry "USA"]
[BlackCountry "IND"]
[WhiteElo "1716"]
[WhiteRD "45"]
[BlackElo "2355"]
[BlackRD "54"]
[GameID "379494"]

1. e4 c5 2. Nf3 d6 3. d4 cxd4 4. Nxd4 Nf6 5. Nc3 a6 6. Bg5 e6 7. Bc4 Be7 8. O-O b5 9. Bd3 O-O 10. Nce2 Bb7
11. Bxf6 Bxf6 12. c3 Nd7 13. a4 bxa4 14. Rxa4 Nc5 15. Ra1 d5 16. exd5 Qxd5 17. f3 e5 18. c4 Qd8 19. b4 Nxd3
0-1

[Event "Najdorf Tournament 01- B90a"]
[Site "SchemingMind.com"]
[Date "2015.05.05"]
[Round "-"]
[White "Ramesh Panwar"]
[Black "daki"]
[Result "1-0"]
[WhiteCountry "IND"]
[BlackCountry "SRB"]
[WhiteElo "2355"]
[WhiteRD "54"]
[BlackElo "1961"]
[BlackRD "99"]
[GameID "379495"]

1. e4 c5 2. Nf3 d6 3. d4 cxd4 4. Nxd4 Nf6 5. Nc3 a6 6. Bg5 e6 7. f4 Be7 8. Qf3 Qc7 9. O-O-O Nbd7 10. g4 h6
11. Bxf6 Bxf6 12. h4 g5 13. hxg5 hxg5 14. e5 dxe5 15. Nxe6 fxe6 16. fxg5 Bxg5+ 17. Kb1 Rf8 18. Qe4 Rg8 19. Qh7 Kf8 20. Be2 Qd8
21. Ne4 Qe7 22. Nxg5 Qxg5 23. Rhf1+ Ke8 24. Qf7+
1-0

[Event "Najdorf Tournament 01- B90a"]
[Site "SchemingMind.com"]
[Date "2015.05.11"]
[Round "-"]
[White "clare1347"]
[Black "dmlowrey"]
[Result "1-0"]
[WhiteCountry "ENG"]
[BlackCountry "USA"]
[WhiteElo "2255"]
[WhiteRD "83"]
[BlackElo "1378"]
[BlackRD "107"]
[GameID "379599"]

1. e4 c5 2. Nf3 d6 3. d4 cxd4 4. Nxd4 Nf6 5. Nc3 a6 6. Bg5 Nbd7 7. f4 e6 8. Qf3 h6 9. Bxf6 Nxf6 10. Bc4 Qc7
11. Bb3 Be7 12. O-O-O b5 13. e5 Bb7 14. Qg3 Nh5 15. Nxe6 Nxg3 16. Nxc7+ Kd8 17. Nxa8 Nxh1 18. Nb6 Nf2 19. Rd2 Ng4 20. exd6
1-0

[Event "Najdorf Tournament 01- B90a"]
[Site "SchemingMind.com"]
[Date "2015.05.11"]
[Round "-"]
[White "Scooter"]
[Black "dmlowrey"]
[Result "1-0"]
[WhiteCountry "USA"]
[BlackCountry "USA"]
[WhiteElo "1712"]
[WhiteRD "45"]
[BlackElo "1378"]
[BlackRD "107"]
[GameID "379600"]

1. e4 c5 2. Nf3 d6 3. d4 cxd4 4. Nxd4 Nf6 5. Nc3 a6 6. Bd2 e5 7. Nf3 Be7 8. Be2 Be6 9. O-O Nbd7 10. Ng5 Qc7
11. Nxe6 fxe6 12. Bg5 h6 13. Bxf6 Nxf6 14. f3 Rc8 15. Rc1 Qc6 16. a4 d5 17. exd5 exd5 18. Re1 Bd6 19. Qd3 O-O 20. Bf1 b5
21. axb5 axb5 22. Qxb5 d4 23. Ne4 Nd5 24. Nxd6 Qxd6 25. b3 Ne3 26. Bd3
1-0

[Event "Najdorf Tournament 01- B90a"]
[Site "SchemingMind.com"]
[Date "2015.05.11"]
[Round "-"]
[White "daki"]
[Black "dmlowrey"]
[Result "1-0"]
[WhiteCountry "SRB"]
[BlackCountry "USA"]
[WhiteElo "1976"]
[WhiteRD "101"]
[BlackElo "1378"]
[BlackRD "107"]
[GameID "379601"]

1. e4 c5 2. Nf3 d6 3. d4 cxd4 4. Nxd4 Nf6 5. Nc3 a6 6. Bg5 e6 7. f4 Be7 8. Qf3 Nbd7 9. O-O-O h6 10. Bh4 g5
11. fxg5 Ne5 12. Qe3 Nfg4 13. Qe1 hxg5 14. Bg3 b5 15. a3 Bb7 16. h3 Nf6 17. Bxe5 dxe5 18. Nxe6 Qb6 19. Nxg5 a5 20. Bxb5+
1-0

[Event "Najdorf Tournament 01- B90a"]
[Site "SchemingMind.com"]
[Date "2015.05.11"]
[Round "-"]
[White "Ramesh Panwar"]
[Black "dmlowrey"]
[Result "1-0"]
[WhiteCountry "IND"]
[BlackCountry "USA"]
[WhiteElo "2359"]
[WhiteRD "55"]
[BlackElo "1395"]
[BlackRD "107"]
[GameID "379602"]

1. e4 c5 2. Nf3 d6 3. d4 cxd4 4. Nxd4 Nf6 5. Nc3 a6 6. Bg5 e6 7. Be2 Be7 8. a3 Qc7 9. O-O Nbd7 10. Qd3 b5
11. Qg3 Rg8 12. Rfe1 h6 13. Bxf6 Nxf6 14. Bf3 Bb7 15. Rad1 Rc8 16. e5 dxe5 17. Bxb7 Qxb7 18. Qxe5 Nd7 19. Qf4 g5 20. Qg3 Bf6
21. Nf5 Be5 22. Rxe5 Nxe5 23. Nd6+
1-0

[Event "Najdorf Tournament 01- B90a"]
[Site "SchemingMind.com"]
[Date "2015.05.12"]
[Round "-"]
[White "emvarela"]
[Black "clare1347"]
[Result "0-1"]
[WhiteCountry "ARG"]
[BlackCountry "ENG"]
[WhiteElo "1740"]
[WhiteRD "48"]
[BlackElo "2255"]
[BlackRD "83"]
[GameID "379682"]

1. e4 c5 2. Nf3 d6 3. d4 cxd4 4. Nxd4 Nf6 5. Nc3 a6 6. Bg5 e6 7. f4 Qb6 8. Qd2 Qxb2 9. Nb3 Qa3 10. Bxf6 gxf6
11. Be2 Nc6 12. O-O Bd7 13. Bd3 Be7 14. f5 Rg8 15. Rf3 O-O-O 16. fxe6 fxe6 17. Raf1 Kb8 18. e5 Nxe5 19. Rg3 Rxg3 20. hxg3 f5
21. Nb1 Qa4 22. Nc3 Qg4 23. Qe3 Rg8 24. Bxa6 Qxg3 25. Qd2 Bc6 26. Nd4 Bxg2
0-1

[Event "Najdorf Tournament 01- B90a"]
[Site "SchemingMind.com"]
[Date "2015.05.12"]
[Round "-"]
[White "daki"]
[Black "emvarela"]
[Result "1-0"]
[WhiteCountry "SRB"]
[BlackCountry "ARG"]
[WhiteElo "1976"]
[WhiteRD "101"]
[BlackElo "1740"]
[BlackRD "48"]
[GameID "379683"]

1. e4 c5 2. Nf3 d6 3. d4 cxd4 4. Nxd4 Nf6 5. Nc3 a6 6. Bg5 e5 7. Bxf6 Qxf6 8. Nd5 Qd8 9. Nf5 Bxf5 10. exf5 Be7
11. a4 Nc6 12. c3 O-O 13. Bd3 Bg5 14. h4 Bh6 15. f6 gxf6 16. Qg4+ Bg7 17. Qf5
1-0

[Event "Najdorf Tournament 01- B90a"]
[Site "SchemingMind.com"]
[Date "2015.05.15"]
[Round "-"]
[White "emvarela"]
[Black "Scooter"]
[Result "1-0"]
[WhiteCountry "ARG"]
[BlackCountry "USA"]
[WhiteElo "1740"]
[WhiteRD "48"]
[BlackElo "1712"]
[BlackRD "45"]
[GameID "379684"]

1. e4 c5 2. Nf3 d6 3. d4 cxd4 4. Nxd4 Nf6 5. Nc3 a6 6. Bg5 Nbd7 7. Bc4 Ne5 8. Bb3 e6 9. O-O Be7 10. Bxf6 Bxf6
11. Nce2 O-O 12. f4 Nc6 13. Nxc6 bxc6 14. c3 d5 15. exd5 cxd5 16. Ng3 a5 17. a4 Ba6 18. Rf3 Qb6+ 19. Kh1 Qxb3 20. Qxb3
1-0

[Event "Najdorf Tournament 01- B90a"]
[Site "SchemingMind.com"]
[Date "2015.05.15"]
[Round "-"]
[White "emvarela"]
[Black "Ramesh Panwar"]
[Result "0-1"]
[WhiteCountry "ARG"]
[BlackCountry "IND"]
[WhiteElo "1740"]
[WhiteRD "48"]
[BlackElo "2393"]
[BlackRD "58"]
[GameID "379686"]

1. e4 c5 2. Nf3 d6 3. d4 cxd4 4. Nxd4 Nf6 5. Nc3 a6 6. Bg5 e5 7. Bxf6 Qxf6 8. Nb3 Qd8 9. Bd3 Be6 10. O-O Be7
11. Nd5 Bxd5 12. exd5 O-O 13. c4 Nd7 14. Qc2 g6 15. Nd2 f5 16. b3 e4 17. Be2 Qb6 18. Rab1 Rac8 19. Rfc1 Bg5 20. Qc3 e3
21. fxe3 Qxe3+ 22. Qxe3 Bxe3+ 23. Kf1 Bxd2 24. Rc2 Bg5 25. Re1 Ne5 26. g3 f4 27. Kg1 Rce8 28. gxf4 Nf3+
0-1

[Event "Najdorf Tournament 01- B90a"]
[Site "SchemingMind.com"]
[Date "2015.05.14"]
[Round "-"]
[White "private napoleon"]
[Black "clare1347"]
[Result "0-1"]
[WhiteCountry "ENG"]
[BlackCountry "ENG"]
[WhiteElo "1756"]
[WhiteRD "81"]
[BlackElo "2295"]
[BlackRD "81"]
[GameID "379858"]

1. e4 c5 2. Nf3 d6 3. d4 cxd4 4. Nxd4 Nf6 5. Nc3 a6 6. Bc4 e6 7. Bb3 Nbd7 8. f4 Nc5 9. O-O Be7 10. f5 Nxb3
11. Nxb3 O-O 12. fxe6 fxe6 13. Be3 b5 14. a3 e5 15. Nd5 Be6 16. Qd3 Bxd5 17. exd5 Qc7 18. Rac1 Qc4 19. Qxc4 bxc4 20. Nd2 Nxd5
21. Nxc4 Rxf1+ 22. Rxf1 Rc8 23. b3 Rxc4 24. bxc4 Nxe3 25. Rf3 Nxc4 26. Kf2 Bf6 27. Rd3 Kf7 28. g3 Ke6 29. h4 h5
0-1

[Event "Najdorf Tournament 01- B90a"]
[Site "SchemingMind.com"]
[Date "2015.05.14"]
[Round "-"]
[White "private napoleon"]
[Black "Scooter"]
[Result "0-1"]
[WhiteCountry "ENG"]
[BlackCountry "USA"]
[WhiteElo "1722"]
[WhiteRD "72"]
[BlackElo "1713"]
[BlackRD "49"]
[GameID "379859"]

1. e4 c5 2. Nf3 d6 3. d4 cxd4 4. Nxd4 Nf6 5. Nc3 a6 6. Bc4 b5 7. Bb3 Bb7 8. O-O g6 9. f4 Nxe4 10. Nxe4 Bxe4
11. f5 gxf5 12. Nxf5 Bxf5 13. Rxf5 f6 14. Be6 Qb6+ 15. Kh1 Nd7 16. Qf3 Rc8 17. Be3 Qc6 18. Bd5 Qxc2 19. h3 Ne5 20. Rxe5 dxe5
21. Rc1 Qxc1+ 22. Bxc1 Rxc1+ 23. Kh2 Kd7 24. Qf5+ Kc7 25. Be6 Bh6 26. Qf2 Kd6 27. Bb3 Rhc8 28. Qf5 R8c7 29. Qxh7 Bf4+ 30. g3 Be3
31. Qf7 Kc5 32. Qe6 a5 33. a4 Kb4 34. h4 bxa4 35. Bd5 R1c2+ 36. Kh3 Rxb2 37. Kg4 a3 38. Kf5 Rf2+ 39. Kg6 a4 40. h5 Rh2
41. Qg8 Rc5 42. Ba2 Rcc2 43. Qb8+ Kc3 44. Bf7 a2 45. Qc7+ Kd3 46. Qd7+ Bd4 47. Bxa2 Rxa2 48. h6 a3 49. h7 Rab2 50. Qxe7 a2
51. Qa3+ Kd2 52. Kg7 a1=Q
0-1

[Event "Najdorf Tournament 01- B90a"]
[Site "SchemingMind.com"]
[Date "2015.05.14"]
[Round "-"]
[White "private napoleon"]
[Black "emvarela"]
[Result "0-1"]
[WhiteCountry "ENG"]
[BlackCountry "ARG"]
[WhiteElo "1722"]
[WhiteRD "72"]
[BlackElo "1735"]
[BlackRD "50"]
[GameID "379860"]

1. e4 c5 2. Nf3 d6 3. d4 cxd4 4. Nxd4 Nf6 5. Nc3 a6 6. Bc4 e6 7. Bb3 b5 8. a3 Be7 9. O-O Bd7 10. Kh1 Nc6
11. f4 Nxd4 12. Be3 Nxb3 13. cxb3 Bc6 14. Qd4 O-O 15. Rad1 d5 16. e5 Nd7 17. Bg1 Bc5 18. Qd3 Qb6 19. b4 Bxg1 20. Rxg1 f6
21. exf6 Rxf6 22. Qd4 Qxd4 23. Rxd4 Nb6 24. Rb1 Nc4 25. Ne2 Raf8 26. g3 e5 27. fxe5 Rf1+ 28. Rxf1 Rxf1+ 29. Kg2 Ne3+ 30. Kh3 Bd7+
0-1

[Event "Najdorf Tournament 01- B90a"]
[Site "SchemingMind.com"]
[Date "2015.05.16"]
[Round "-"]
[White "daki"]
[Black "private napoleon"]
[Result "1-0"]
[WhiteCountry "SRB"]
[BlackCountry "ENG"]
[WhiteElo "2003"]
[WhiteRD "100"]
[BlackElo "1722"]
[BlackRD "72"]
[GameID "379861"]

1. e4 c5 2. Nf3 d6 3. d4 cxd4 4. Nxd4 Nf6 5. Nc3 a6 6. Be2 e5 7. Nb3 Be7 8. f4 O-O 9. Qd3 b5 10. f5 Bb7
11. Bf3 Nbd7 12. a3 Nc5 13. Nxc5 dxc5 14. Qxd8 Rfxd8 15. g4 b4 16. g5 bxc3 17. gxf6 Bxf6 18. bxc3 h6 19. Rg1 Rac8 20. Bxh6 Kh7
21. Be3 a5 22. Rb1 Ba6 23. Kf2 Ra8 24. Rb6 Bc4 25. Be2 Bh4+ 26. Kf3 Bxe2+ 27. Kxe2 Rdc8 28. c4 Be7 29. Rb7 Re8 30. Rd1 Bf8
31. Rxf7 Ra6 32. Rdd7 Kg8 33. h4
1-0

[Event "Najdorf Tournament 01- B90a"]
[Site "SchemingMind.com"]
[Date "2015.05.16"]
[Round "-"]
[White "Ramesh Panwar"]
[Black "private napoleon"]
[Result "1-0"]
[WhiteCountry "IND"]
[BlackCountry "ENG"]
[WhiteElo "2359"]
[WhiteRD "55"]
[BlackElo "1756"]
[BlackRD "81"]
[GameID "379862"]

1. e4 c5 2. Nf3 d6 3. d4 cxd4 4. Nxd4 Nf6 5. Nc3 a6 6. Bg5 e6 7. Be2 Be7 8. O-O O-O 9. Qd2 Qc7 10. a4 Nbd7
11. a5 Nc5 12. Qe3 b5 13. axb6 Qxb6 14. Nb3 Bb7 15. Nxc5 Qxc5 16. Qxc5 dxc5 17. f3 Rfe8 18. Rfd1 Bf8 19. Be3 Rec8 20. Na4 Rc6
21. Ra3 Be7 22. Rb3 Bc8 23. Nb6 Rb8 24. Nd5 exd5 25. Rxb8 dxe4 26. Bxa6
1-0

[Event "Najdorf Tournament 01- B90a"]
[Site "SchemingMind.com"]
[Date "2015.05.16"]
[Round "-"]
[White "dmlowrey"]
[Black "private napoleon"]
[Result "0-1"]
[WhiteCountry "USA"]
[BlackCountry "ENG"]
[WhiteElo "1378"]
[WhiteRD "107"]
[BlackElo "1768"]
[BlackRD "81"]
[GameID "379863"]

1. e4 c5 2. Nf3 d6 3. d4 cxd4 4. Nxd4 Nf6 5. Nc3 a6 6. Bg5 e6 7. f4 h6 8. Bh4 Be7 9. Bc4 Nc6 10. O-O Bd7
11. Qf3 Nxd4
0-1

[Event "Najdorf Tournament 01- B90a"]
[Site "SchemingMind.com"]
[Date "2015.06.07"]
[Round "-"]
[White "Keglevich"]
[Black "clare1347"]
[Result "0-1"]
[WhiteCountry "CRO"]
[BlackCountry "ENG"]
[WhiteElo "1753"]
[WhiteRD "90"]
[BlackElo "2272"]
[BlackRD "83"]
[GameID "381740"]

1. e4 c5 2. Nf3 d6 3. d4 cxd4 4. Nxd4 Nf6 5. Nc3 a6 6. Bc4 e6 7. Bb3 Nbd7 8. f4 Nc5 9. e5 Nxb3 10. axb3 Nd5
11. O-O Nxc3 12. bxc3 Qc7
0-1

[Event "Najdorf Tournament 01- B90a"]
[Site "SchemingMind.com"]
[Date "2015.06.07"]
[Round "-"]
[White "Keglevich"]
[Black "Scooter"]
[Result "0-1"]
[WhiteCountry "CRO"]
[BlackCountry "USA"]
[WhiteElo "1753"]
[WhiteRD "90"]
[BlackElo "1713"]
[BlackRD "49"]
[GameID "381742"]

1. e4 c5 2. Nf3 d6 3. d4 cxd4 4. Nxd4 Nf6 5. Nc3 a6 6. Bc4 e6 7. Bb3 Be7 8. Be3 Nc6 9. f4 d5 10. e5 Nd7
11. Qf3 O-O 12. O-O Bc5
0-1

[Event "Najdorf Tournament 01- B90a"]
[Site "SchemingMind.com"]
[Date "2015.06.07"]
[Round "-"]
[White "private napoleon"]
[Black "Keglevich"]
[Result "1-0"]
[WhiteCountry "ENG"]
[BlackCountry "CRO"]
[WhiteElo "1722"]
[WhiteRD "72"]
[BlackElo "1753"]
[BlackRD "90"]
[GameID "381743"]

1. e4 c5 2. Nf3 d6 3. d4 cxd4 4. Nxd4 Nf6 5. Nc3 a6 6. Bc4 e6 7. Bb3 b5 8. O-O Be7 9. a3 O-O 10. Kh1 Bb7
11. Qe1 Nc6 12. Nxc6 Bxc6 13. f3
1-0

[Event "Najdorf Tournament 01- B90a"]
[Site "SchemingMind.com"]
[Date "2015.06.07"]
[Round "-"]
[White "Keglevich"]
[Black "daki"]
[Result "0-1"]
[WhiteCountry "CRO"]
[BlackCountry "SRB"]
[WhiteElo "1753"]
[WhiteRD "90"]
[BlackElo "2003"]
[BlackRD "100"]
[GameID "381745"]

1. e4 c5 2. Nf3 d6 3. d4 cxd4 4. Nxd4 Nf6 5. Nc3 a6 6. g3 Nc6 7. Bg2 e6 8. O-O Qc7 9. Re1 Be7 10. Nxc6 bxc6
11. e5 dxe5 12. Rxe5 Nd5
0-1

[Event "Najdorf Tournament 01- B90a"]
[Site "SchemingMind.com"]
[Date "2015.06.07"]
[Round "-"]
[White "Keglevich"]
[Black "Ramesh Panwar"]
[Result "0-1"]
[WhiteCountry "CRO"]
[BlackCountry "IND"]
[WhiteElo "1753"]
[WhiteRD "90"]
[BlackElo "2377"]
[BlackRD "57"]
[GameID "381746"]

1. e4 c5 2. Nf3 d6 3. d4 cxd4 4. Nxd4 Nf6 5. Nc3 a6 6. g3 e5 7. Nb3 Be7 8. Bg2 Be6 9. O-O Nbd7 10. a4 Rc8
11. a5 O-O 12. Be3 Qc7 13. h3 h6 14. Re1 Rfd8 15. Qd2 Re8 16. Qe2 Nb8 17. Red1 Bd8 18. Rd2 Nbd7
0-1

[Event "Najdorf Tournament 01- B90a"]
[Site "SchemingMind.com"]
[Date "2015.06.15"]
[Round "-"]
[White "eun77"]
[Black "Scooter"]
[Result "0-1"]
[WhiteCountry "ISR"]
[BlackCountry "USA"]
[WhiteElo "1282"]
[WhiteRD "79"]
[BlackElo "1710"]
[BlackRD "48"]
[GameID "382143"]

1. e4 c5 2. Nf3 d6 3. d4 cxd4 4. Nxd4 Nf6 5. Nc3 a6 6. Nf3 Bg4 7. Be2 g6 8. h3 Bxf3 9. Bxf3 Nc6 10. O-O Bg7
11. Bg5 O-O 12. Bxf6 Bxf6 13. a3 Bxc3 14. bxc3 Rc8 15. Rb1 Na5 16. Qe1 Qc7 17. Be2 Qxc3 18. Qxc3 Rxc3 19. Bd3 Rxa3 20. Ra1 Rxa1
21. Rxa1 Nc6 22. Rb1 b5 23. Ra1 Nb4 24. Kf1 Rc8 25. Ke2 Nxc2 26. Bxc2 Rxc2+ 27. Kf3 Rc6 28. Ke3 b4 29. Ra4 Rb6 30. Kd2 b3
31. Kc1 b2+ 32. Kb1 e5 33. f3 Kf8
0-1

[Event "Najdorf Tournament 01- B90a"]
[Site "SchemingMind.com"]
[Date "2015.06.16"]
[Round "-"]
[White "clare1347"]
[Black "eun77"]
[Result "1-0"]
[WhiteCountry "ENG"]
[BlackCountry "ISR"]
[WhiteElo "2272"]
[WhiteRD "83"]
[BlackElo "1258"]
[BlackRD "78"]
[GameID "382144"]

1. e4 c5 2. Nf3 d6 3. d4 cxd4 4. Nxd4 Nf6 5. Nc3 a6 6. Bc4 e6 7. Bb3 Be7 8. f4 h6 9. Qf3 O-O 10. g4 Ne8
11. Be3 f6 12. O-O-O Nc7 13. h4 Nc6 14. Nxc6 bxc6 15. g5 fxg5 16. hxg5 Rf7 17. gxh6 gxh6 18. Rxh6 Rg7 19. Qh5 Kf8 20. Rh8+ Rg8
21. Rg1 Rxh8 22. Qxh8+
1-0

[Event "Najdorf Tournament 01- B90a"]
[Site "SchemingMind.com"]
[Date "2015.06.14"]
[Round "-"]
[White "eun77"]
[Black "emvarela"]
[Result "0-1"]
[WhiteCountry "ISR"]
[BlackCountry "ARG"]
[WhiteElo "1282"]
[WhiteRD "79"]
[BlackElo "1741"]
[BlackRD "50"]
[GameID "382145"]

1. e4 c5 2. Nf3 d6 3. d4 cxd4 4. Nxd4 Nf6 5. Nc3 a6 6. Bg5 Nc6 7. Nxc6 bxc6 8. Bxf6 gxf6 9. Bd3 e5 10. O-O Be6
11. h3 d5 12. exd5 cxd5 13. Nb1 Qb6 14. b3 e4 15. Be2 Bc5 16. Qe1 Rg8 17. a3 Bxh3 18. g3 Bxf1 19. Bxf1 Rxg3+ 20. Bg2 Ke7
21. Nc3 Rag8 22. Nxd5+ Kd6 23. Nxb6 Rxg2+ 24. Kh1 Rg1+ 25. Qxg1 Rxg1+ 26. Kxg1 Bxb6 27. Kg2 f5
0-1

[Event "Najdorf Tournament 01- B90a"]
[Site "SchemingMind.com"]
[Date "2015.06.18"]
[Round "-"]
[White "eun77"]
[Black "private napoleon"]
[Result "0-1"]
[WhiteCountry "ISR"]
[BlackCountry "ENG"]
[WhiteElo "1282"]
[WhiteRD "79"]
[BlackElo "1722"]
[BlackRD "73"]
[GameID "382146"]

1. e4 c5 2. Nf3 d6 3. d4 cxd4 4. Nxd4 Nf6 5. Nc3 a6 6. Bg5 e6 7. Bxf6 Qxf6 8. Nf3 Be7 9. h3 O-O 10. Be2 Bd7
11. O-O Bc6 12. Nd4 Nd7 13. Nf3 Nc5 14. Bd3 Rfd8 15. Rb1 Nxd3 16. Qxd3 d5 17. exd5 exd5 18. Nd4 Bc5 19. Nxc6 bxc6 20. Ne2 Re8
21. Ng3 Qg6 22. Qxg6 hxg6 23. Rbe1 Rab8 24. Rxe8+ Rxe8 25. Kh2 Bd6 26. Kg1 Bxg3 27. fxg3 Re2 28. Rc1 f5 29. Kf1 Rd2 30. h4 c5
31. b3 Kf7 32. a4 g5 33. hxg5 Kg6 34. Re1 Rxc2 35. Re6+ Kxg5 36. Rxa6 d4 37. Rd6 Ra2 38. Rd5 Kg4
0-1

[Event "Najdorf Tournament 01- B90a"]
[Site "SchemingMind.com"]
[Date "2015.06.16"]
[Round "-"]
[White "daki"]
[Black "eun77"]
[Result "1-0"]
[WhiteCountry "SRB"]
[BlackCountry "ISR"]
[WhiteElo "2003"]
[WhiteRD "100"]
[BlackElo "1258"]
[BlackRD "78"]
[GameID "382147"]

1. e4 c5 2. Nf3 d6 3. d4 cxd4 4. Nxd4 Nf6 5. Nc3 a6 6. Bg5 e6 7. f4 Be7 8. Qf3 h6 9. Bxf6 Bxf6 10. O-O-O Bxd4
11. Rxd4 O-O 12. g4 f6 13. h4 Qe7 14. g5 fxg5 15. hxg5 Rxf4 16. Qxf4 e5 17. Nd5 exf4 18. Nxe7+ Kf7 19. Nxc8 Nc6 20. Nxd6+ Ke6
21. Bc4+ Ke7 22. Nf5+ Ke8 23. Nxg7+ Kf8 24. Rd7 Ne5 25. Ne6+ Ke8 26. Nc7+
1-0

[Event "Najdorf Tournament 01- B90a"]
[Site "SchemingMind.com"]
[Date "2015.06.13"]
[Round "-"]
[White "Ramesh Panwar"]
[Black "eun77"]
[Result "1-0"]
[WhiteCountry "IND"]
[BlackCountry "ISR"]
[WhiteElo "2393"]
[WhiteRD "58"]
[BlackElo "1237"]
[BlackRD "75"]
[GameID "382148"]

1. e4 c5 2. Nf3 d6 3. d4 cxd4 4. Nxd4 Nf6 5. Nc3 a6 6. Bg5 g6 7. Bxf6 exf6 8. Qd2 Bg7 9. O-O-O O-O 10. Bc4 Be6
11. Bxe6 fxe6 12. Nxe6 Qe7 13. Nxf8 Qxf8 14. Qd5+ Qf7 15. Qxf7+ Kxf7 16. Rxd6 Bf8 17. Rd8 Ke7 18. Rc8 Bh6+ 19. Kb1 Kd7 20. Rh8 f5
21. Rxh7+ Kc6 22. Rxh6 fxe4 23. Rxg6+ Kc7 24. Nd5+ Kd8 25. Re1 Ra7 26. Rxe4 Nc6 27. Rd6+ Kc8 28. Re8+
1-0